Farebnosť zdravotníckych zariadení : Kandidátska dizertačná práca /

Saved in:
Bibliographic Details
Main Author: Kolenič, Ivan (Author)
Other Authors: Kopecký, Miroslav, 1938- (Thesis advisor)
Format: Manuscript Book
Language:Slovak
Published: Bratislava: Slovenská vysoká škola technická, Bratislava, Fakulta architektúry, november 1987
Subjects:
Tags: Add Tag
No Tags, Be the first to tag this record!

MARC

LEADER 00000ntm a22000003a 4500
001 0115290
003 SK-STU
005 20250513105002.8
007 ta
008 250513s2025----xo-----f-mn---000-0-slo-d
040 |a STU  |b slo 
041 0 |a slo 
044 |a xo  |c SK 
100 1 |a Kolenič, Ivan  |4 aut 
245 1 0 |a Farebnosť zdravotníckych zariadení :  |b Kandidátska dizertačná práca /  |c aut. Ivan Kolenič ; škol. Miroslav Kopecký 
260 |a Bratislava:  |b Slovenská vysoká škola technická, Bratislava, Fakulta architektúry,  |c november 1987 
300 |a 113 s. 
650 0 7 |a Farba v architektúre 
650 0 7 |a zdravotnícke budovy 
650 0 7 |a zdravotnícke zariadenia 
650 0 7 |a architektúra interiéru 
650 0 7 |a interiérový dizajn 
650 0 7 |a farebnosť 
650 0 7 |a vizuálne vnímanie 
650 0 7 |a Praha 
650 0 7 |a Trebišov 
650 0 7 |a Banská Bystrica 
650 0 7 |a Bratislava - Petržalka 
700 1 |a Kopecký, Miroslav,  |d 1938-  |4 ths  |X 3461  |7 A000003461 
996 |b 284AU10351  |c A* 256/V  |l AAKNST  |s P  |a 0  |w 0115290_0001